| 000 | 00984nam a2200253Ia 4500 | ||
|---|---|---|---|
| 003 | OSt | ||
| 005 | 20221005103513.0 | ||
| 006 | a|||||r|||| 00| 0 | ||
| 007 | ta | ||
| 008 | 221004b |||||||| |||| 00| 0 hin d | ||
| 024 | _a76878 | ||
| 037 | _cTextual | ||
| 040 |
_aCRL _cCRL _bhin |
||
| 041 |
_2hin _ahin |
||
| 082 | _aV2:12.N7, 152L6 | ||
| 100 | _aशमा्र, प्रभुदत्त | ||
| 245 | 0 |
_aकेन्द्र राज्य सम्बन्ध _b प्रशासन के परिप्रेक्ष्य में |
|
| 246 | _aKendra rājya sambandha: prashāsan ke pariprekṣhya mean | ||
| 260 |
_aजयपुर _bराजस्थान हिन्दी ग्रन्थ अकादमी भारत _c1976 |
||
| 300 |
_a145पृ0 _ccm. |
||
| 650 | _aविश्व-इतिहास | ||
| 942 |
_hV2:12.N7, 152L6 _cTEXL _2cc |
||
| 999 |
_c1010226 _d1010226 |
||